书目信息 |
| 题名: |
设备管理
|
|
| 作者: | 中井重行 编 ;乔建国 译 | |
| 分册: | ||
| 出版信息: | 北京 中国人民大学出版社 1983 |
|
| 页数: | 148页 | |
| 开本: | 20cm | |
| 丛书名: | 工业企业管理手册 | |
| 单 册: | ||
| 中图分类: | F406.4 | |
| 科图分类: | ||
| 主题词: | 工业经济--经济理论 | |
| 电子资源: | ||
| ISBN: | ||
| 000 | 00708nam0 2200229 450 | |
| 001 | 0662047827 | |
| 005 | 20060809171135.40 | |
| 010 | @dCNY0.82 | |
| 100 | @a20060808d1983 km y0chiy0120 ea | |
| 101 | 0 | @achi@cjpn |
| 102 | @aCN@b110000 | |
| 200 | 1 | @a设备管理@Ashe bei guan li@f(日)中井重行编@F(ri)zhong jing zhong xing bian@g乔建国译@Gqiao jian guo yi |
| 210 | @a北京@c中国人民大学出版社@d1983 | |
| 215 | @a148页@d20cm | |
| 225 | 2 | @a工业企业管理手册@h第七分册 |
| 410 | 0 | @12001 @a工业企业管理手册 |
| 606 | 0 | @a工业经济@x经济理论 |
| 690 | @aF406.4@v3 | |
| 701 | 0 | @a中井重行@Azhong jing zhong xing@4编 |
| 702 | 0 | @a乔建国@Aqiao jian guo@4译 |
| 801 | 0 | @aCN@bPFT@c20060809 |
| 905 | @a10447@dF406.4@e102 | |
| 设备管理/(日)中井重行编/乔建国译.-北京:中国人民大学出版社,1983 |
| 148页;20cm.-(工业企业管理手册.第七分册) |
| ISBN :CNY0.82 |
| ● |
| 相关链接 |
|
|
|
|
正题名:设备管理
索取号:F406.4/102
 
预约/预借
| 序号 | 登录号 | 条形码 | 馆藏地/架位号 | 状态 | 备注 |
| 1 | 0447508 | 204475086 | 密集书库/ [索取号:F406.4/102] | 在馆 | |
| 2 | 0447509 | 204475095 | 密集书库/ [索取号:F406.4/102] | 在馆 | |
| 3 | 0448143 | 204481435 | 密集书库/ [索取号:F406.4/102] | 在馆 | |
| 4 | 0448144 | 204481444 | 密集书库/ [索取号:F406.4/102] | 在馆 | |
| 5 | 0448145 | 204481453 | 密集书库/ [索取号:F406.4/102] | 在馆 | |
| 6 | 0448146 | 204481462 | 密集书库/ [索取号:F406.4/102] | 在馆 |